000 00308nam a2200109 4500
008 180219b xxu||||| |||| 00| 0 eng d
245 _aHow to kill a drug addict: a modest guide.
260 _aPhilippines
_bPhilippine Daily Inquirer
_cc2016
300 _apage A14.
650 0 _926652
_aDrugs.
942 _2ddc
_cPER
999 _c8749
_d8749